[Event "PSS Prestige Rapid 2017"]
[Site "Johannesburg RSA"]
[Date "2017.04.22"]
[Round "3.15"]
[White "Nelson,Ja"]
[Black "Khumalo,Keith"]
[Result "0-1"]
[WhiteElo "1867"]
[BlackElo "1720"]

1.f4 Nf6 2.Nf3 c5 3.b3 g6 4.Bb2 Bg7 5.Nc3 d5 6.e3 a6 7.d4 cxd4 8.exd4 O-O
9.Ne5 Bf5 10.Be2 Nc6 11.O-O Ne4 12.Nxc6 bxc6 13.Kh1 c5 14.Na4 h5 15.Rb1 cxd4
16.Bxd4 e6 17.Bxg7 Kxg7 18.c4 Qh4 19.Qe1 Qxe1 20.Rbxe1 dxc4 21.Bxc4 Nd2 22.Rf3
Nxf3 23.gxf3 Rfd8 24.Re2 Bh3 25.Kg1 Rd4 26.Kf2 a5 27.Ke3 Rad8 28.Rb2 Rd1
29.Nc3 Re1+ 30.Kf2 Rh1 31.Kg3 Bf5 32.Kg2 Rc1 33.Ne2 Rcd1 34.b4 axb4 35.Rxb4
R1d2 36.Kf2 Bd3 37.Bxd3 R8xd3 38.a4 Ra3 39.Ke1 Rda2 40.Nc1 Rxh2 41.Rc4 Re3+
42.Kd1 Rxf3 43.a5 Rf1# 0-1

[Event "PSS Prestige Rapid 2017"]
[Site "Johannesburg RSA"]
[Date "2017.04.22"]
[Round "4.2"]
[White "Jere,D"]
[Black "Amonatov,F"]
[Result "0-1"]
[WhiteElo "2384"]
[BlackElo "2632"]

1.c4 Nf6 2.g3 g6 3.Bg2 Bg7 4.Nc3 O-O 5.Nf3 d6 6.O-O e5 7.d3 Nc6 8.Rb1 h6 9.b4
Be6 10.b5 Ne7 11.a4 Qd7 12.Re1 Bh3 13.Bh1 Ng4 14.Qb3 Kh8 15.Ba3 b6 16.e3 f5
17.d4 e4 18.Nd2 g5 19.Rbd1 Qe8 20.f3 exf3 21.Nxf3 Qf7 22.e4 fxe4 23.Nxe4 Nf5
24.Qd3 Rae8 25.Bc1 Nxd4 26.Rf1 Bxf1 27.Rxf1 Nxf3+ 28.Rxf3 Ne5 29.Rxf7 Nxd3
30.Rxf8+ Rxf8 31.Be3 Ne5 32.Bg2 Nxc4 33.Bc1 Bd4+ {#R} 0-1

[Event "PSS Prestige Rapid 2017"]
[Site "Johannesburg RSA"]
[Date "2017.04.22"]
[Round "4.3"]
[White "Grover,S"]
[Black "Pon,M"]
[Result "1-0"]
[WhiteElo "2473"]
[BlackElo "2165"]

1.d4 e6 2.c4 Nf6 3.Nc3 Bb4 4.f3 c5 5.d5 b5 6.e4 bxc4 7.Bxc4 exd5 8.Bxd5 Nxd5
9.Qxd5 Nc6 10.Ne2 Ba6 11.Be3 Qa5 12.Kf2 Rc8 13.a3 Bxc3 14.Nxc3 Ne7 15.Qg5 Qb6
16.Qxg7 h6 17.Qe5 Rg8 18.g4 Qg6 19.b4 d6 20.Qf4 cxb4 21.axb4 Rxc3 22.Rxa6 Rc2+
23.Kg3 Qg7 24.Rxa7 Qb2 25.Qxd6 Nc8 26.Qd7+ {#r} 1-0

[Event "PSS Prestige Rapid 2017"]
[Site "Johannesburg RSA"]
[Date "2017.04.22"]
[Round "4.8"]
[White "Bouah,L"]
[Black "Paiva,Donaldo"]
[Result "0-1"]
[WhiteElo "2115"]
[BlackElo "2159"]

1.d4 Nf6 2.c4 g6 3.Nc3 Bg7 4.e4 d6 5.f3 O-O 6.Be3 c6 7.Qd2 a6 8.Bd3 b5 9.Nge2
Nbd7 10.h4 h5 11.Bh6 e5 12.Bxg7 Kxg7 13.d5 cxd5 14.cxd5 Qa5 15.Ng3 Nc5 16.Bc2
b4 17.Nd1 Bd7 18.Ne3 Kh7 19.Nc4 Qc7 20.Qxb4 Rab8 21.Qc3 Bb5 22.Ne3 Qb6 23.Qd2
Rfc8 24.Rb1 a5 25.Nef5 Ng8 26.Ne3 Qa6 27.Rd1 a4 28.Kf2 Bc4 29.Bb1 Rc7 30.Rhe1
Rcb7 31.Kg1 Rxb2 32.Qc3 Bxa2 33.Bxa2 Rxa2 34.Nc4 Rb3 35.Qc1 Rb4 36.Nxe5 dxe5
37.Qxc5 Rbb2 38.Nf1 Rxg2+ 39.Kh1 Qf6 40.Ra1 {#R} 0-1

[Event "PSS Prestige Rapid 2017"]
[Site "Johannesburg RSA"]
[Date "2017.04.22"]
[Round "4.10"]
[White "Barrish,Daniel"]
[Black "Khumalo,Keith"]
[Result "0-1"]
[WhiteElo "2252"]
[BlackElo "1720"]

1.d4 Nf6 2.c4 e6 3.Nf3 Bb4+ 4.Bd2 a5 5.g3 d5 6.Bxb4 axb4 7.Nbd2 O-O 8.Bg2 Nc6
9.O-O Ne4 10.e3 Nd6 11.Qb3 dxc4 12.Nxc4 Nxc4 13.Qxc4 Qd5 14.Qc2 Qb5 15.Nd2 Bd7
16.f4 Rfc8 17.Be4 Qh5 18.Qc4 Ra7 19.Rf2 h6 20.Bxc6 Bxc6 21.Qxb4 Ra4 22.Qb3
Rca8 23.a3 R4a5 24.Rc1 Rb5 25.Qc3 Rd8 26.e4 f5 27.a4 Rb6 28.a5 Rb5 29.e5 Qe8
30.Nb3 Qd7 31.h4 Qd5 32.Rh2 Rxb3 {#R} 0-1

[Event "PSS Prestige Rapid 2017"]
[Site "Johannesburg RSA"]
[Date "2017.04.22"]
[Round "4.11"]
[White "Jurgensen,G"]
[Black "Manan,Yoboue Hermann"]
[Result "1-0"]
[WhiteElo "2007"]
[BlackElo "2072"]

1.e4 e5 2.Nf3 Nc6 3.Bc4 Bc5 4.O-O Nf6 5.d3 d6 6.h3 a6 7.a4 O-O 8.Bg5 h6 9.Bh4
g5 10.Nxg5 hxg5 11.Bxg5 Kg7 12.Nc3 Be6 13.Qf3 Rg8 14.Ne2 Nd4 15.Nxd4 Bxd4
16.c3 Bb6 17.Kh2 Qe7 18.Qg3 Kf8 19.f4 c6 20.fxe5 Ng4+ 21.Qxg4 Rxg5 22.Qxe6
Qxe6 23.Bxe6 Ke7 24.Bxf7 Rxe5 25.Bg6 d5 26.Rf7+ Kd6 27.d4 Rg5 28.e5+ Ke6
29.Rxb7 {#r} 1-0

[Event "PSS Prestige Rapid 2017"]
[Site "Johannesburg RSA"]
[Date "2017.04.22"]
[Round "4.13"]
[White "Ateka,N"]
[Black "Frick,D"]
[Result "1-0"]
[WhiteElo "2123"]
[BlackElo "1778"]

1.c4 f5 2.g3 Nf6 3.Bg2 g6 4.Nc3 d6 5.Nf3 Bg7 6.O-O O-O 7.d3 c6 8.Bd2 e5 9.b4
Qe7 10.Qb3 Kh8 11.b5 Be6 12.Ng5 Bg8 13.bxc6 Nxc6 14.Rab1 Rab8 15.e3 h6 16.Nf3
e4 17.dxe4 Nxe4 18.Nxe4 fxe4 19.Nd4 Ne5 20.Rbc1 Rfc8 21.Rfd1 Nxc4 22.Qb1 Nxd2
23.Rxd2 Rxc1+ 24.Qxc1 d5 25.Rc2 Be5 26.h4 a6 27.Ne2 Bf7 28.Bh3 g5 29.hxg5 hxg5
30.Nd4 Kh7 31.Nf5 Qf6 32.Rc8 g4 33.Bxg4 Be6 34.Rc7+ Kh8 35.Qc5 Bxc7 36.Qxc7
Rc8 37.Qf4 Bxf5 38.Bxf5 Rf8 39.g4 b5 40.Qh2+ {#r} 1-0

[Event "PSS Prestige Rapid 2017"]
[Site "Johannesburg RSA"]
[Date "2017.04.22"]
[Round "5.1"]
[White "Amonatov,F"]
[Black "Alice,M"]
[Result "1-0"]
[WhiteElo "2632"]
[BlackElo "2173"]

1.e4 c5 2.Nf3 d6 3.d4 cxd4 4.Nxd4 Nf6 5.Nc3 a6 6.h3 e5 7.Nde2 Be6 8.g4 d5
9.exd5 Nxd5 10.Bg2 Nxc3 11.Qxd8+ Kxd8 12.Nxc3 Nc6 13.Be3 Kc7 14.O-O-O Bb4
15.Nd5+ Bxd5 16.Bxd5 f6 17.c3 Bd6 18.Rd3 Rad8 19.Rhd1 Be7 20.b4 h5 21.a4 hxg4
22.hxg4 b6 23.Kb2 a5 24.Kb3 axb4 25.Bxc6 Rxd3 26.Rxd3 Kxc6 27.cxb4 Rh4 28.b5+
Kc7 29.a5 bxa5 30.b6+ Kc6 31.Rc3+ Kd7 32.Rc4 Bd6 33.Ka4 f5 34.Kxa5 Rxg4 35.Rc1
f4 36.Bc5 Bb8 37.Kb5 e4 38.Rd1+ Ke6 39.Rd8 Be5 40.Re8+ Kd5 41.Rxe5+ Kxe5 42.b7
Rg1 43.b8=Q+ Kf5 44.Qf8+ {#r} 1-0

[Event "PSS Prestige Rapid 2017"]
[Site "Johannesburg RSA"]
[Date "2017.04.22"]
[Round "5.3"]
[White "Paiva,Donaldo"]
[Black "Sriram,J"]
[Result "0-1"]
[WhiteElo "2159"]
[BlackElo "2396"]

1.d4 Nf6 2.c4 g6 3.Nc3 Bg7 4.e4 O-O 5.Nf3 d6 6.Be2 Bg4 7.O-O Nfd7 8.Be3 Nc6
9.d5 Bxf3 10.Bxf3 Na5 11.Qa4 Bxc3 12.bxc3 b6 13.Be2 e5 14.f4 exf4 15.Rxf4 Ne5
16.Raf1 Qe8 17.Qb4 Nb7 18.R4f2 Qe7 19.Qb1 Nc5 20.Bd4 Rae8 21.Rf4 Qd7 22.Qe1
Ned3 23.Qh4 Nxf4 24.Rxf4 f5 25.Bf3 Nd3 26.Qh6 {#R} 0-1

[Event "PSS Prestige Rapid 2017"]
[Site "Johannesburg RSA"]
[Date "2017.04.22"]
[Round "5.9"]
[White "Oberholzer,Francois"]
[Black "Simutowe,M"]
[Result "1-0"]
[WhiteElo "2034"]
[BlackElo "2198"]

1.e4 c5 2.b4 e6 3.bxc5 Bxc5 4.d4 Be7 5.Bd3 d6 6.Ne2 Nf6 7.O-O b6 8.f4 Bb7
9.Nd2 Nc6 10.c3 d5 11.e5 Nd7 12.f5 Nf8 13.Nf4 Qd7 14.fxe6 Nxe6 15.Nxe6 fxe6
16.Qh5+ Kd8 17.Rf7 Qe8 18.Bb2 g6 19.Qf3 Kc7 20.Rf1 Nd8 21.Rg7 Kb8 22.Qh3 Bg5
23.Ba3 a5 24.Nb1 h6 25.Bd6+ Ka7 26.Na3 Rc8 27.Bb5 Rc6 28.Qd3 h5 29.Bxc6 Qxc6
30.Nb5+ Ka8 31.Nc7+ Ka7 32.Qa6+ Kb8 33.Nb5+ {#r} 1-0

[Event "PSS Prestige Rapid 2017"]
[Site "Johannesburg RSA"]
[Date "2017.04.22"]
[Round "5.11"]
[White "Tembo,Epah"]
[Black "Ateka,N"]
[Result "0-1"]
[WhiteElo "1819"]
[BlackElo "2123"]

1.c4 Nf6 2.g3 g6 3.Bg2 Bg7 4.e3 O-O 5.Nc3 d6 6.Nge2 e5 7.b4 Nc6 8.Rb1 Ne8 9.b5
Ne7 10.a4 f5 11.Ba3 c6 12.O-O Be6 13.d3 Kh8 14.Qc2 Rc8 15.Rfd1 Qc7 16.Na2 d5
17.c5 Nf6 18.d4 Nh5 19.f4 e4 20.b6 axb6 21.Rxb6 Ra8 22.Rdb1 Bc8 23.Nac3 Nf6
24.h3 Bh6 25.Nd1 g5 26.Nf2 gxf4 27.Nxf4 Rg8 28.Nh1 Ng6 29.Nxg6+ Rxg6 30.Bc1
Nh5 31.g4 fxg4 32.h4 Qe7 33.Qf2 g3 34.Qe2 Qxh4 35.Kf1 Qh2 36.Ke1 Bg4 37.Qa2
Qg1+ 38.Bf1 Bh3 {#R} 0-1

[Event "PSS Prestige Rapid 2017"]
[Site "Johannesburg RSA"]
[Date "2017.04.22"]
[Round "5.15"]
[White "Mazibuko,Khanya"]
[Black "Barrish,Daniel"]
[Result "0-1"]
[WhiteElo "1856"]
[BlackElo "2252"]

1.e4 c5 2.Nf3 e6 3.d4 cxd4 4.Nxd4 a6 5.Bd3 Nf6 6.c4 Nc6 7.Nxc6 dxc6 8.e5 Qa5+
9.Nc3 Qxe5+ 10.Be3 Bd6 11.g3 Bc5 12.Qe2 Bxe3 13.fxe3 O-O 14.O-O c5 15.Rf4 Bd7
16.Raf1 Bc6 17.Bb1 Rfd8 18.Qc2 Qxe3+ 19.R1f2 Qe1+ 20.Rf1 Qd2 {#R} 0-1

[Event "PSS Prestige Rapid 2017"]
[Site "Johannesburg RSA"]
[Date "2017.04.22"]
[Round "5.17"]
[White "Frick,D"]
[Black "Sadie,Johan Jacobus Hendrik"]
[Result "0-1"]
[WhiteElo "1778"]
[BlackElo "1709"]

1.e4 c6 2.d4 d5 3.Nd2 dxe4 4.Nxe4 Bf5 5.Ng3 Bg6 6.Nf3 Nd7 7.h4 h6 8.h5 Bh7
9.Bd3 Bxd3 10.Qxd3 e6 11.Bd2 Ngf6 12.Ne4 Nxe4 13.Qxe4 Nf6 14.Qe2 c5 15.dxc5
Bxc5 16.Qb5+ Nd7 17.Ne5 Bd6 18.Bc3 a6 19.Qxd7+ Qxd7 20.Nxd7 Kxd7 21.Bxg7 Rhg8
22.Bxh6 Rxg2 23.Be3 Rh8 24.O-O-O Ke7 25.h6 f5 26.Rh5 Rh7 27.Bg5+ Rxg5 28.Rxg5
Bf4+ {#R} 0-1

[Event "PSS Prestige Rapid 2017"]
[Site "Johannesburg RSA"]
[Date "2017.04.22"]
[Round "5.18"]
[White "Jonker,Waldo"]
[Black "Nelson,Ja"]
[Result "0-1"]
[WhiteElo "1640"]
[BlackElo "1867"]

1.d4 Nf6 2.Bf4 Nh5 3.Bg5 h6 4.Bh4 g5 5.Bg3 Nxg3 6.hxg3 Bg7 7.e3 c5 8.c3 Qb6
9.Qc1 d5 10.Nd2 Nc6 11.Bd3 e5 12.dxe5 Nxe5 13.Be2 Bf5 14.Ngf3 Nd3+ 15.Bxd3
Bxd3 16.Nb3 a5 17.Qd2 Bc4 18.Nc1 a4 19.Rb1 Qg6 20.Ra1 O-O 21.Ne2 Qf6 22.O-O a3
23.Rfc1 axb2 24.Qxb2 Qa6 25.Rc2 b5 26.a4 b4 27.Ned4 cxd4 28.cxd4 Rfb8 29.g4
Qe6 30.Nd2 Bd3 31.Rc5 Bf8 32.Nb3 Qxg4 33.Qd2 Be4 34.f3 Bxf3 35.Ra5 Bd6 36.Qf2
Be4 37.Rxa8 Rxa8 {#R} 0-1

[Event "PSS Prestige Rapid 2017"]
[Site "Johannesburg RSA"]
[Date "2017.04.22"]
[Round "6.2"]
[White "Hercules,B"]
[Black "Sriram,J"]
[Result "0-1"]
[WhiteElo "2163"]
[BlackElo "2396"]

1.d4 Nf6 2.c4 g6 3.Nc3 Bg7 4.e4 O-O 5.Be2 d6 6.Bg5 c5 7.d5 a6 8.a4 e6 9.Nf3
exd5 10.exd5 h6 11.Bf4 Re8 12.O-O Bf5 13.Bd3 Nh5 14.Be3 Bxd3 15.Qxd3 Nd7
16.Rfe1 Kh7 17.Re2 Ne5 18.Nxe5 Bxe5 19.g3 Qd7 20.Kg2 f5 21.f4 Bxc3 22.Qxc3 Re4
23.Rae1 Rae8 24.b3 Qe7 25.Kf1 Nf6 26.Qd2 b5 27.axb5 axb5 28.Qd3 Qa7 29.Bc1 b4
30.Bb2 Rxe2 31.Rxe2 Ne4 32.Re1 h5 33.Ra1 Qb7 34.Ra2 Ra8 35.Rxa8 Qxa8 36.Ke2
Kg8 37.Qb1 Qe8 38.Qa1 {#R} 0-1

[Event "PSS Prestige Rapid 2017"]
[Site "Johannesburg RSA"]
[Date "2017.04.22"]
[Round "6.5"]
[White "Jere,D"]
[Black "Paiva,Donaldo"]
[Result "1-0"]
[WhiteElo "2384"]
[BlackElo "2159"]

1.c4 Nf6 2.g3 c6 3.Bg2 d5 4.Nf3 Bg4 5.Ne5 Be6 6.cxd5 Bxd5 7.Nf3 g6 8.Nc3 Be6
9.Ng5 Bc8 10.Qb3 e6 11.Nge4 Bg7 12.Qa3 Bf8 13.Qa4 Nxe4 14.Nxe4 Bg7 15.Qa3 Qe7
16.Qxe7+ Kxe7 17.Rb1 f5 18.Nc3 a5 19.O-O e5 20.d3 Be6 21.a3 Nd7 22.Be3 Bb3
23.Rbc1 Rhe8 24.Nb1 a4 25.Nd2 Bf7 26.Nc4 Bd5 27.Bg5+ Ke6 28.e4 Bxc4 29.Rxc4
Bf6 30.Be3 fxe4 31.dxe4 Red8 32.Rfc1 Be7 33.Bf1 Bd6 34.Be2 Nf6 35.f3 Be7
36.Kf2 Rf8 37.Kg2 Nd7 38.Bd1 {#r} 1-0

[Event "PSS Prestige Rapid 2017"]
[Site "Johannesburg RSA"]
[Date "2017.04.22"]
[Round "6.7"]
[White "De Abreu,Roberto N"]
[Black "Pon,M"]
[Result "0-1"]
[WhiteElo "2110"]
[BlackElo "2165"]

1.d4 Nf6 2.c4 g6 3.g3 Bg7 4.Bg2 O-O 5.Nc3 d6 6.Nf3 c6 7.O-O Qa5 8.e4 Bg4 9.h3
Bxf3 10.Bxf3 Nbd7 11.Qe2 e5 12.d5 cxd5 13.cxd5 a6 14.Bd2 Rac8 15.Rfc1 Qc7
16.Rc2 Qb8 17.Rac1 Rc7 18.Bg2 Rfc8 19.h4 b5 20.a3 Nc5 21.Bh3 Nfd7 22.Na2 Nb3
23.Rxc7 Rxc7 24.Rxc7 Qxc7 25.Bxd7 Qxd7 26.Nb4 Nd4 27.Qd1 Qc8 28.Bc3 Qc4
29.Bxd4 exd4 30.Qd3 a5 31.Qxc4 bxc4 32.Nc2 d3 33.Ne3 Bxb2 34.Nxc4 Bxa3 35.Kf1
Bb4 36.Nb2 d2 37.Ke2 f5 38.f3 fxe4 39.fxe4 Kf7 40.Kd3 Kf6 41.Ke3 a4 42.e5+
Kxe5 43.Nd3+ Kf6 44.Ke2 Bc3 {#R} 0-1

[Event "PSS Prestige Rapid 2017"]
[Site "Johannesburg RSA"]
[Date "2017.04.22"]
[Round "6.14"]
[White "Parodi,A"]
[Black "Tembo,Epah"]
[Result "1-0"]
[WhiteElo "2027"]
[BlackElo "1819"]

1.d4 d5 2.c4 e6 3.Nc3 Nf6 4.cxd5 exd5 5.Bg5 c6 6.e3 h6 7.Bh4 Bd6 8.Bd3 Be6
9.Qc2 Nbd7 10.Nge2 g5 11.Bg3 Qe7 12.f3 h5 13.O-O-O h4 14.Bxd6 Qxd6 15.e4 dxe4
16.fxe4 Qc7 17.Kb1 O-O-O 18.Rc1 Nb6 19.Nb5 Qb8 20.d5 Bd7 21.Ned4 a6 22.dxc6
axb5 23.cxd7+ Kxd7 24.Bxb5+ Ke7 25.Qc5+ Rd6 26.Nf5+ Ke6 27.Ng7+ Ke7 28.e5 Kf8
29.Nf5 Ne4 30.Qb4 Nd5 31.Qxe4 Rd8 32.Rhd1 Nf4 33.Nd6 {#r} 1-0

[Event "PSS Prestige Rapid 2017"]
[Site "Johannesburg RSA"]
[Date "2017.04.22"]
[Round "6.16"]
[White "Nelson,Ja"]
[Black "Frick,D"]
[Result "0-1"]
[WhiteElo "1867"]
[BlackElo "1778"]

1.e4 c5 2.Nf3 d6 3.d4 cxd4 4.Nxd4 Nf6 5.Nc3 Nc6 6.Nb3 e5 7.Bc4 a6 8.a4 Be6
9.Bd5 Qc7 10.Bg5 Be7 11.f4 Nb4 12.O-O Nbxd5 13.exd5 Bg4 14.Qe1 O-O 15.fxe5
dxe5 16.Qg3 Qd7 17.d6 Nh5 18.Qxe5 Bxd6 19.Qd4 f6 20.Be3 Rad8 21.Rae1 Be6
22.Qh4 Bg4 23.Bb6 g5 24.Qf2 Rde8 25.Qd4 Nf4 26.Kh1 Qc6 27.Qf2 Bh3 {#R} 0-1

[Event "PSS Prestige Rapid 2017"]
[Site "Johannesburg RSA"]
[Date "2017.04.22"]
[Round "7.4"]
[White "Oberholzer,Francois"]
[Black "Mabusela,J"]
[Result "0-1"]
[WhiteElo "2034"]
[BlackElo "2250"]

1.e4 e6 2.d4 d5 3.Nc3 Nf6 4.Bg5 Be7 5.e5 Nfd7 6.Bxe7 Qxe7 7.f4 O-O 8.Nf3 c5
9.Bd3 f6 10.exf6 Qxf6 11.dxc5 Qxf4 12.O-O Nc6 13.Qe2 Qh6 14.Na4 Nf6 15.a3 Bd7
16.b4 e5 17.Bb5 e4 18.Bxc6 exf3 19.Rxf3 {#R} 0-1

[Event "PSS Prestige Rapid 2017"]
[Site "Johannesburg RSA"]
[Date "2017.04.22"]
[Round "7.9"]
[White "Manan,Yoboue Hermann"]
[Black "De Abreu,Roberto N"]
[Result "1-0"]
[WhiteElo "2072"]
[BlackElo "2110"]

1.e4 e6 2.d4 d5 3.Nc3 Bb4 4.e5 c5 5.a3 Bxc3+ 6.bxc3 Qa5 7.Bd2 Qa4 8.Nf3 Nc6
9.Bd3 Nge7 10.dxc5 Ng6 11.Qe2 Nf4 12.Bxf4 Qxf4 13.O-O O-O 14.c4 Nd4 15.Nxd4
Qxd4 16.cxd5 exd5 17.c4 dxc4 18.Bxc4 Qxc5 19.Rfc1 Qe7 {#r} 1-0

[Event "PSS Prestige Rapid 2017"]
[Site "Johannesburg RSA"]
[Date "2017.04.22"]
[Round "7.10"]
[White "Paiva,Donaldo"]
[Black "Ateka,N"]
[Result "1-0"]
[WhiteElo "2159"]
[BlackElo "2123"]

1.d4 Nf6 2.c4 g6 3.Nc3 Bg7 4.e4 d6 5.Nf3 O-O 6.Be2 e5 7.O-O Nc6 8.d5 Ne7 9.b4
Nh5 10.g3 f5 11.Ng5 Nf6 12.Bf3 fxe4 13.Ncxe4 Nxe4 14.Bxe4 h6 15.Ne6 Bxe6
16.dxe6 c6 17.Qg4 Rf6 18.Rd1 d5 19.cxd5 cxd5 20.Be3 b6 21.Bxd5 Nxd5 22.Qe4
Rxe6 23.Rxd5 Qe8 24.Rad1 Rc8 25.Rd7 Re7 26.Rxe7 Qxe7 27.Qxg6 Qe8 28.Qxe8+ Rxe8
29.Rd7 Ra8 30.a4 a5 31.b5 Rc8 32.Bxb6 Rc4 33.Ba7 {#r} 1-0

[Event "PSS Prestige Rapid 2017"]
[Site "Johannesburg RSA"]
[Date "2017.04.22"]
[Round "7.12"]
[White "Bornheim,C"]
[Black "Steyn,H"]
[Result "1-0"]
[WhiteElo "1968"]
[BlackElo "1820"]

1.d4 Nf6 2.c4 g6 3.Nc3 Bg7 4.e4 d6 5.Nf3 O-O 6.Be2 e5 7.O-O Nc6 8.d5 Ne7 9.Ne1
Nd7 10.Be3 f5 11.f3 f4 12.Bf2 g5 13.Nd3 Nf6 14.c5 h5 15.cxd6 cxd6 16.a4 g4
17.Kh1 Rf7 18.a5 Bf8 19.Nb5 Rg7 20.Nxa7 Bd7 21.Bb6 Qe8 22.Rc1 h4 23.Rc7 Qg6
24.Ne1 h3 25.gxh3 gxf3 26.Bxf3 Bxh3 27.Rg1 Bg4 28.Rxb7 Nxe4 29.Rxg4 Nf2+
30.Bxf2 Qf5 31.Rxg7+ Kxg7 32.Qd3 Qh3 33.Nc6 Re8 34.Bg2 Qc8 35.a6 Kg8 36.Nxe7+
Rxe7 37.Qg6+ Rg7 38.Rxg7+ Bxg7 39.Qe6+ {#r} 1-0

[Event "PSS Prestige Rapid 2017"]
[Site "Johannesburg RSA"]
[Date "2017.04.22"]
[Round "7.14"]
[White "Tembo,Epah"]
[Black "Simutowe,M"]
[Result "1-0"]
[WhiteElo "1819"]
[BlackElo "2198"]

1.c4 g6 2.g3 Bg7 3.Bg2 c5 4.Nc3 Nc6 5.e3 d6 6.a3 Nh6 7.Nge2 Ne5 8.d3 O-O 9.O-O
Rb8 10.b4 b6 11.Rb1 Bb7 12.e4 Nc6 13.Bd2 Ng4 14.f4 Nf6 15.b5 Nd4 16.Nxd4 cxd4
17.Ne2 Nd7 18.Qe1 Nc5 19.Nc1 e6 20.Qe2 f5 21.Nb3 Qd7 22.Nxc5 dxc5 23.e5 h6
24.a4 Qd8 25.Bxb7 Rxb7 26.Qf3 Rff7 27.Ra1 Qe7 28.a5 Kh7 29.Ra2 Qd7 30.Rfa1 Bf8
31.axb6 axb6 32.Ra6 Be7 33.Qc6 Bd8 34.Qf3 Rg7 35.h3 Be7 36.Kh2 g5 37.fxg5 Bxg5
38.Bxg5 Rxg5 39.Qc6 {#r} 1-0

[Event "PSS Prestige Rapid 2017"]
[Site "Johannesburg RSA"]
[Date "2017.04.22"]
[Round "7.15"]
[White "Mazibuko,Khanya"]
[Black "Sadie,Johan Jacobus Hendrik"]
[Result "1-0"]
[WhiteElo "1856"]
[BlackElo "1709"]

1.e4 c6 2.d4 d5 3.e5 c5 4.dxc5 Nc6 5.Bb5 Bf5 6.Bxc6+ bxc6 7.Be3 e6 8.c3 Qc7
9.f4 Ne7 10.Nf3 Bg4 11.h3 Bxf3 12.Qxf3 Nf5 13.Bf2 Qb7 14.Qe2 Rb8 15.b4 h5
16.O-O a5 17.a3 Qb5 18.Qxb5 Rxb5 19.Nd2 Be7 20.Nb3 axb4 21.axb4 O-O 22.Ra7 Rc8
23.g4 hxg4 24.hxg4 Bxc5 25.Bxc5 Ng3 26.Rf2 Ne4 27.Rc2 g5 28.f5 exf5 29.gxf5
Re8 30.Bd4 Ng3 31.Rg2 Ne4 32.Nd2 c5 33.Nxe4 {#r} 1-0

[Event "PSS Prestige Rapid 2017"]
[Site "Johannesburg RSA"]
[Date "2017.04.22"]
[Round "7.17"]
[White "Nelson,Ja"]
[Black "Swartz,David"]
[Result "0-1"]
[WhiteElo "1867"]
[BlackElo "1724"]

1.e4 c5 2.Nf3 d6 3.d4 cxd4 4.Nxd4 Nf6 5.Nc3 Nc6 6.Be2 e6 7.g4 Be7 8.g5 Nd7
9.Rg1 a6 10.Be3 Nc5 11.f4 Bd7 12.Nf3 b5 13.a3 Qc7 14.Qd2 b4 15.axb4 Nxb4
16.Nd4 Rb8 17.f5 e5 18.Nb3 Bc6 19.Bxc5 dxc5 20.Nd5 Bxd5 21.exd5 c4 22.Na5 Rb5
23.d6 Bxd6 24.Nxc4 Rd5 25.Qc3 O-O 26.f6 Bc5 27.fxg7 Rb8 28.Rf1 Bd4 29.Qb3 e4
30.O-O-O Nd3+ 31.Rxd3 exd3 32.Qxd3 Bxb2+ 33.Nxb2 Rxd3 34.Bxd3 Qe5 {#R} 0-1

[Event "32nd Bohuslavice Rapid Op"]
[Site "Bohuslavice CZE"]
[Date "2017.04.22"]
[Round "1.1"]
[White "Kana,Zdenek"]
[Black "Navara,D"]
[Result "0-1"]
[WhiteElo "1675"]
[BlackElo "2732"]
[EventType "swiss"]

1.e4 c5 2.Nf3 d6 3.c3 Nf6 4.Be2 Nbd7 5.d3 b6 6.O-O Bb7 7.Bg5 h6 8.Be3 e5 9.c4
g6 10.Nc3 Bg7 11.h3 O-O 12.Qd2 Kh7 13.Nh2 Qe7 14.f4 exf4 15.Bxf4 Ne5 16.Bxe5
Qxe5 17.Nf3 Qe7 18.Rae1 Nd7 19.Nd5 Bxd5 20.exd5 Ne5 21.Nxe5 Qxe5 22.Bf3 Qg3
23.Qf2 Bd4 {#R} 0-1

[Event "32nd Bohuslavice Rapid Op"]
[Site "Bohuslavice CZE"]
[Date "2017.04.22"]
[Round "1.2"]
[White "Plat,V"]
[Black "Glinz,Leo"]
[Result "1-0"]
[WhiteElo "2510"]
[BlackElo "1805"]
[EventType "swiss"]

1.e4 e5 2.Nf3 Nc6 3.Bb5 d6 4.d4 Bd7 5.O-O exd4 6.Nxd4 Nxd4 7.Bxd7+ Qxd7 8.Qxd4
f6 9.Nc3 Ne7 10.Be3 Nc6 11.Qd5 O-O-O 12.a3 a6 13.b4 Ne5 14.Qb3 g5 15.b5 a5
16.b6 cxb6 17.Nd5 Qc6 18.Bxb6 Rd7 19.Bxa5 Nc4 20.Qxc4 Qxc4 21.Nb6+ Kb8 22.Nxc4
d5 23.Rfd1 d4 24.Rab1 Bc5 25.Bb6 Rc8 26.c3 d3 27.Bxc5 Rxc5 28.Nb6 Rd6 29.Nd5
f5 30.f3 h5 31.Rxd3 fxe4 32.fxe4 Re6 33.Rd4 g4 34.Rdb4 h4 35.Rxb7+ Kc8 36.Rg7
Rxe4 37.c4 Rc6 38.Rf1 Rce6 39.Rf8+ Re8 40.Rxe8+ Rxe8 {#r} 1-0

[Event "32nd Bohuslavice Rapid Op"]
[Site "Bohuslavice CZE"]
[Date "2017.04.22"]
[Round "1.3"]
[White "Tkadlecek,Petr"]
[Black "Zwardon,V"]
[Result "0-1"]
[WhiteElo "1756"]
[BlackElo "2406"]
[EventType "swiss"]

1.d4 Nf6 2.Nf3 e6 3.Bf4 h6 4.e3 g5 5.Bg3 d6 6.h3 Nc6 7.Bd3 Bg7 8.c3 Qe7 9.O-O
Bd7 10.Qb3 e5 11.dxe5 dxe5 12.Be2 Ne4 13.Bh2 Nc5 14.Qc2 h5 15.Nbd2 g4 16.Ne1
O-O-O 17.Nb3 Ne6 18.Nd3 gxh3 19.g3 f5 20.Rac1 f4 21.exf4 exf4 22.Bf3 Ng5
23.Bh1 f3 24.Nb4 Rhe8 25.Nd4 Bxd4 26.Nxc6 Bxc6 27.cxd4 Qf6 28.Rfd1 Re2 29.Qc3
Rxf2 30.Qa5 Rg2+ 31.Bxg2 f2+ 32.Kf1 hxg2+ {#R} 0-1

[Event "32nd Bohuslavice Rapid Op"]
[Site "Bohuslavice CZE"]
[Date "2017.04.22"]
[Round "2.1"]
[White "Navara,D"]
[Black "Novacek,P2"]
[Result "1-0"]
[WhiteElo "2732"]
[BlackElo "1951"]
[EventType "swiss"]

1.Nf3 Nf6 2.c4 g6 3.Nc3 Bg7 4.e4 d6 5.d4 O-O 6.h3 e5 7.d5 a5 8.Bg5 Na6 9.Nd2
Qe8 10.g4 Nd7 11.a3 Ndc5 12.b4 Nd7 13.Be2 axb4 14.axb4 Rb8 15.Nb5 f6 16.Be3
Qd8 17.Qb3 Kh8 18.h4 f5 19.h5 f4 20.Ba7 Ra8 21.hxg6 h6 22.Nf3 Rf6 23.Nh4 Nf8
24.g5 hxg5 25.Nf3+ Kg8 26.Nxg5 Rxg6 27.Nf3 c6 28.dxc6 bxc6 29.Bb6 Qxb6 30.c5+
Be6 31.Qxe6+ Rxe6 32.cxb6 cxb5 33.Bxb5 Nc7 34.Rxa8 Nxa8 35.b7 {#r} 1-0

[Event "32nd Bohuslavice Rapid Op"]
[Site "Bohuslavice CZE"]
[Date "2017.04.22"]
[Round "2.3"]
[White "Zwardon,V"]
[Black "Bacak Ml.,P"]
[Result "1-0"]
[WhiteElo "2406"]
[BlackElo "1957"]
[EventType "swiss"]

1.c4 e5 2.g3 Nf6 3.Bg2 Nc6 4.Nf3 Be7 5.O-O O-O 6.Nc3 a6 7.d4 d6 8.b3 Re8 9.Bb2
Bg4 10.dxe5 dxe5 11.Nd5 Bc5 12.e3 Nxd5 13.cxd5 Ne7 14.e4 c6 15.Qc2 Bxf3
16.Bxf3 Bd4 17.Bxd4 exd4 18.Rad1 Qb6 19.Qc4 c5 20.b4 cxb4 21.Qxd4 Qxd4 22.Rxd4
a5 23.Rc1 Rac8 24.Rxc8 Rxc8 25.d6 Nc6 26.Rd5 a4 27.Bd1 b3 28.a3 b2 29.Rb5 Ne5
30.Rxb2 Rc1 31.Rd2 Nf3+ 32.Kg2 {#r} 1-0

[Event "32nd Bohuslavice Rapid Op"]
[Site "Bohuslavice CZE"]
[Date "2017.04.22"]
[Round "2.4"]
[White "Holecek,V"]
[Black "Zpevak,P"]
[Result "0-1"]
[WhiteElo "1901"]
[BlackElo "2351"]
[EventType "swiss"]

1.e4 c5 2.Nf3 e6 3.d4 cxd4 4.Nxd4 Nc6 5.Nc3 Qc7 6.Be3 a6 7.Be2 Nf6 8.Qd2 Bb4
9.f3 d5 10.Nxc6 bxc6 11.a3 Bd6 12.exd5 exd5 13.f4 O-O 14.O-O Re8 15.Bd4 Nd7
16.b4 Nf8 17.g3 Ne6 18.Bf2 Be7 19.Bf3 Bf6 20.Rae1 Bb7 21.Ne2 a5 22.c3 Ba6
23.Rc1 Bc4 24.Rfe1 c5 25.h4 axb4 26.axb4 Ra3 27.f5 Nf8 28.bxc5 Nd7 29.Ra1 Rxa1
30.Rxa1 Nxc5 31.Nd4 Nd3 32.Bxd5 Nxf2 33.Bxc4 Qxg3+ 34.Kf1 Ng4 {#R} 0-1